Flash Family - Statistics

General Stats
  • This quiz has been taken 17 times
  • The average score is 8 of 17
Answer Stats
Answer % Correct
Barry Allen
100%
Iris West
93%
Wally West
73%
Bart Allen
67%
Jay Garrick
67%
Dawn Allen
47%
Don Allen
47%
Jesse Quick
47%
Max Mercury
40%
Wallace (Ace) West
40%
Jai West
33%
Joan Garrick
33%
Linda Park
33%
Avery Ho
27%
Irey West
27%
Judy Garrick
27%
Jenni Ognats
7%
No matching quizzes found
Score Distribution
Percent of People with Each Score
Percentile by Number Answered
Your Score History
You have not taken this quiz